Fluffy learns to swim / (Record no. 106321)
[ view plain ]
| 000 -LEADER | |
|---|---|
| fixed length control field | 00634nam a2200181 a 4500 |
| 005 - DATE AND TIME OF LATEST TRANSACTION | |
| control field | 20140412111429.0 |
| 008 - FIXED-LENGTH DATA ELEMENTS--GENERAL INFORMATION | |
| fixed length control field | 090226s19uu xx 00 eng d |
| 020 ## - INTERNATIONAL STANDARD BOOK NUMBER | |
| International Standard Book Number | 0-439-31946-3 |
| 050 ## - LIBRARY OF CONGRESS CALL NUMBER | |
| Classification number | TR(PS E |
| Item number | Fl59 2002 |
| 100 ## - MAIN ENTRY--PERSONAL NAME | |
| Personal name | McMullan, Kate |
| 245 ## - TITLE STATEMENT | |
| Title | Fluffy learns to swim / |
| Statement of responsibility, etc | Kate McMullan. |
| 260 ## - PUBLICATION, DISTRIBUTION, ETC. (IMPRINT) | |
| Place of publication, distribution, etc | U.S.A : |
| Name of publisher, distributor, etc | Scholastic, |
| Date of publication, distribution, etc | 2002. |
| 300 ## - PHYSICAL DESCRIPTION | |
| Extent | unp. |
| 440 ## - SERIES STATEMENT/ADDED ENTRY--TITLE | |
| Title | Hello reader! 3 |
| 520 ## - SUMMARY, ETC. | |
| Summary, etc | At the beach with Wade's family, Fluffy the guinea pig can't seem to convince anyone that pigs don't swim, and he even has doubts himself after dreaming that he is aqua pig. |
| 650 ## - SUBJECT ADDED ENTRY--TOPICAL TERM | |
| Topical term or geographic name as entry element | Swimming-fiction |
| Withdrawn status | Lost status | Damaged status | Use restrictions | Home library | Current library | Shelving location | Date acquired | Source of acquisition | Cost, normal purchase price | Total Checkouts | Full call number | Barcode | Date last seen | Price effective from | Koha item type |
|---|---|---|---|---|---|---|---|---|---|---|---|---|---|---|---|
| Elizalde Library | Elizalde Library | Teachers Reference Section | 02/26/2009 | 125.00 | TR(PS E Fl59 2002 | E11581 | 04/12/2014 | 04/12/2014 | Books |